| 000 | 00581nam a2200217Ia 4500 | ||
|---|---|---|---|
| 003 | OSt | ||
| 005 | 20220928135418.0 | ||
| 006 | a|||||r|||| 00| 0 | ||
| 007 | ta | ||
| 008 | 220927b |||||||| |||| 00| 0 eng d | ||
| 024 | _a2006 | ||
| 037 | _cTextual | ||
| 040 |
_aSDCL _cSDCL _beng |
||
| 041 |
_2eng _aeng |
||
| 082 | _aO-:g(Q5:494), M0 | ||
| 100 |
_aEzrahi Sidra DeKoven _9490496 |
||
| 245 | 0 |
_aBy words alone _b The holocaust in literature |
|
| 260 | _c1980 | ||
| 942 |
_hO-:g(Q5:494), M0 _cTEXL _2CC |
||
| 999 |
_c805818 _d805818 |
||